[Event "Arber op Seniors 2nd"]
[Site "Bayerisch Eisenstein"]
[Date "2014.08.24"]
[Round "9"]
[White "Gaug, Herbert"]
[Black "Zerweck, Christoph"]
[Result "0-1"]
[WhiteElo "1856"]
[BlackElo "1881"]
[PlyCount "84"]
[EventDate "2014.08.16"]
[EventType "swiss"]
[EventRounds "9"]
[EventCountry "GER"]
[SourceTitle "EXT 2016"]
[Source "ChessBase"]
[SourceDate "2015.10.08"]
[SourceVersion "1"]
[SourceVersionDate "2015.10.08"]
[SourceQuality "1"]

1. d4 Nf6 2. c4 g6 3. Nc3 Bg7 4. e4 d6 5. Nf3 0-0 6. Bg5 h6 7. Bf4 Nbd7 8. Qd2 Kh7 9. h3 Re8 10. Bd3 e5 11. Be3 c6 12. d5 c5 13. 0-0-0 a6 14. Kb1 Nb6 15. g4 Bd7 16. g5 Ng8 17. gxh6 Bxh6 18. Bxh6 Nxh6 19. Rdg1 f6 20. Nh4 Rg8 21. Ng2 Qe7 22. Ne3 Kg7 23. Rg3 Raf8 24. f3 Kh7 25. Rhg1 Na8 26. Qg2 Be8 27. h4 Nc7 28. Ne2 b5 29. f4 bxc4 30. Nxc4 Bf7 31. f5 gxf5 32. exf5 Rxg3 33. Nxg3 Nxd5 34. Ne4 Rg8 35. Qf2 Nf4 36. Ng5+ fxg5 37. f6+ Nxd3 38. fxe7 Nxf2 39. Nxd6 g4 40. Kc2 Kg6 41. Kd2 Kf6 42. Ke3 g3 0-1

[Event "Graz op 18th"]
[Site "Graz"]
[Date "2011.09.01"]
[Round "6"]
[White "Gaug, Herbert"]
[Black "Schwarz, Oliver1111"]
[Result "1/2-1/2"]
[WhiteElo "1865"]
[BlackElo "1960"]
[PlyCount "42"]
[EventDate "2011.08.27"]
[EventType "swiss"]
[EventRounds "9"]
[EventCountry "AUT"]
[SourceTitle "CBM 144 Extra"]
[Source "ChessBase"]
[SourceDate "2011.10.28"]
[SourceVersion "1"]
[SourceVersionDate "2011.10.28"]
[SourceQuality "1"]

1. d4 d5 2. c4 e6 3. Nc3 c5 4. cxd5 cxd4 5. Qxd4 Nc6 6. Qa4 exd5 7. e3 Nf6 8. Nf3 Bd7 9. Qd1 Bb4 10. Qb3 Qe7 11. a3 Ba5 12. Be2 Ne4 13. 0-0 Nxc3 14. bxc3 0-0 15. Bb2 Be6 16. Qd1 Rac8 17. Rc1 Rfd8 18. Qa4 Bb6 19. c4 dxc4 20. Bxc4 Bxc4 21. Rxc4 f6 1/2-1/2

[Event "Graz op 18th"]
[Site "Graz"]
[Date "2011.08.30"]
[Round "4"]
[White "Gaug, Herbert"]
[Black "Kravanja, Georg"]
[Result "0-1"]
[WhiteElo "1865"]
[BlackElo "2104"]
[PlyCount "96"]
[EventDate "2011.08.27"]
[EventType "swiss"]
[EventRounds "9"]
[EventCountry "AUT"]
[SourceTitle "CBM 144 Extra"]
[Source "ChessBase"]
[SourceDate "2011.10.28"]
[SourceVersion "1"]
[SourceVersionDate "2011.10.28"]
[SourceQuality "1"]

1. d4 Nf6 2. c4 g6 3. Nc3 d5 4. Nf3 Bg7 5. e3 c5 6. cxd5 Nxd5 7. e4 Nxc3 8. bxc3 Nc6 9. Qa4 Bd7 10. Qd1 Bg4 11. Bb5 cxd4 12. Bxc6+ bxc6 13. cxd4 Bxf3 14. gxf3 Bxd4 15. Rb1 0-0 16. 0-0 c5 17. f4 Qa5 18. Qe2 Rab8 19. Be3 Rb6 20. Bxd4 Rxb1 21. Rxb1 cxd4 22. Rb5 Qc3 23. Rd5 Qc1+ 24. Kg2 Qxf4 25. Rxd4 Qg5+ 26. Kf1 Qe5 27. Rd7 Qxh2 28. Qf3 Qb8 29. Rxe7 Qb1+ 30. Kg2 Qxa2 31. Qe3 Ra8 32. Qf3 Rf8 33. Qf6 Qd2 34. Rxa7 h6 35. Kg3 Qd3+ 36. f3 Qe3 37. Re7 Qg1+ 38. Kh3 Qh1+ 39. Kg3 Qg1+ 40. Kh3 Qg5 41. Qxg5 hxg5 42. e5 Ra8 43. e6 f5 44. Rd7 Re8 45. Rd6 Kg7 46. Ra6 Re7 47. Rb6 Kf6 48. Rc6 Rxe6 0-1